Lengua y literatura. primer curso /
Guardado en:
| Autor Principal: | |
|---|---|
| Otros Autores: | |
| Formato: | Libro |
| Publicado: |
Buenos Aires :
El Ateneo,
1992
|
| Edición: | 8a. ed. |
| Materias: | |
| Etiquetas: |
Agregar Etiqueta
Sin Etiquetas, Sea el primero en etiquetar este registro!
|
| LEADER | 00994nam a22002415a 4500 | ||
|---|---|---|---|
| 001 | CEM.cems017383 | ||
| 005 | 20111006103144.0 | ||
| 008 | 130507s1992##################000#0#####d | ||
| 003 | CEMS | ||
| 020 | |a 9500272830 | ||
| 082 | 0 | 4 | |a 468 |
| 100 | 1 | |a Guido, María Rita | |
| 245 | 1 | 0 | |a Lengua y literatura. primer curso / |c María Rita Guido y María Cristina Planas |
| 250 | |a 8a. ed. | ||
| 260 | |a Buenos Aires : |b El Ateneo, |c 1992 | ||
| 300 | |a 223 p. | ||
| 505 | 0 | |a Comunicación y lenguaje -- La comunicación humana -- Tipos de lengua -- Lengua expresiva y lengua informativa -- Lengua apelativa -- La publicación y la lengua apelativa -- La noticia periodística -- Otra forma de noticia -- La noticia crónica -- El texto informativo , su organización -- La historieta -- El teatro | |
| 653 | |a Lengua | ||
| 653 | |a Lengua-egb | ||
| 653 | |a Literatura | ||
| 653 | |a Literatura-egb | ||
| 700 | 1 | |a Planas, María Cristina | |
| 859 | |a CEMS |b BIB. CEMS - Agricultura |h 468 |i G942a8 |p A17488.93 |t Ej.1 |v 1 |3 1 | ||
